The Sign of the Ivory Horn : (Record no. 187517)
[ view plain ]
| 000 -LEADER | |
|---|---|
| fixed length control field | 00873 a2200193 4500 |
| 003 - CONTROL NUMBER IDENTIFIER | |
| control field | Nust |
| 005 - DATE AND TIME OF LATEST TRANSACTION | |
| control field | 20230206124001.0 |
| 010 ## - LIBRARY OF CONGRESS CONTROL NUMBER | |
| LC control number | 70132279 |
| 020 ## - INTERNATIONAL STANDARD BOOK NUMBER | |
| International Standard Book Number | 0379004496 |
| 040 ## - CATALOGING SOURCE | |
| Transcribing agency | Nust |
| 082 00 - DEWEY DECIMAL CLASSIFICATION NUMBER | |
| Classification number | 967.6,ROS |
| 100 1# - MAIN ENTRY--PERSONAL NAME | |
| Personal name | Rosenthal, Ricky. |
| 9 (RLIN) | 108665 |
| 245 14 - TITLE STATEMENT | |
| Title | The Sign of the Ivory Horn : |
| Remainder of title | Eastern African Civilizations / |
| Statement of responsibility, etc. | Ricky Rosenthal |
| 260 ## - PUBLICATION, DISTRIBUTION, ETC. | |
| Place of publication, distribution, etc. | Dobbs Ferry, N.Y., |
| Name of publisher, distributor, etc. | Oceana Publications, |
| Date of publication, distribution, etc. | 1971. |
| 300 ## - PHYSICAL DESCRIPTION | |
| Extent | 162 p. |
| Other physical details | illus. |
| Dimensions | 23 cm. |
| 505 ## - FORMATTED CONTENTS NOTE | |
| Formatted contents note | Introduction (Page-1), In the Beginning (Page-9), Meroe in Relief (Page-19), Arabs and Africans (Page-38), Rhodesia’s Ruins of Mystery (Page-44), A Story in Stone (Page-56), People of the Hills (page-65), Cities on the Sea (Page-77), Island Outposts (Page-93), Portuguese Interlude (Page-100), Anglo- American Interregnum (Page-110). |
| 651 #0 - SUBJECT ADDED ENTRY--GEOGRAPHIC NAME | |
| Geographic name | Africa, Eastern |
| General subdivision | History. |
| 9 (RLIN) | 108666 |
| 942 ## - ADDED ENTRY ELEMENTS (KOHA) | |
| Source of classification or shelving scheme | |
| Koha item type | Book |
| Withdrawn status | Lost status | Source of classification or shelving scheme | Damaged status | Not for loan | Permanent Location | Current Location | Shelving location | Date acquired | Shelving control number | Full call number | Barcode | Date last seen | Price effective from | Koha item type | Public note |
|---|---|---|---|---|---|---|---|---|---|---|---|---|---|---|---|
| Military College of Signals (MCS) | Military College of Signals (MCS) | General Stacks | 12/12/2016 | History | 967.6,ROS | MCS5706 | 12/08/2016 | 12/12/2016 | Book | Almirah No.62, Shelf No.5 | |||||
| Military College of Signals (MCS) | Military College of Signals (MCS) | General Stacks | 12/12/2016 | 967.6,ROS | MCS5983 | 12/08/2016 | 12/12/2016 | Book | Almirah No. 75, Shelf No.8 |
